Public accounts committee in India : (Record no. 138616)

MARC details
000 -LEADER
fixed length control field 00632nam a22001937a 4500
005 - DATE AND TIME OF LATEST TRANSACTION
control field 20170331162852.0
010 ## - LCCN (DPL NO)
LC control number ENG-117683
020 ## - INTERNATIONAL STANDARD BOOK NUMBER
International Standard Book Number 9788184845730
Terms of availability 600.00
035 ## - SYSTEM CONTROL NUMBER
System control number EN-101215
037 ## - SOURCE OF ACQUISITION
Source of stock number/acquisition DABD/PUB
082 ## - DEWEY DECIMAL CLASSIFICATION NUMBER
Classification number 336.54
100 ## - MAIN ENTRY--PERSONAL NAME
Personal name Pandey, Digvijai Nath
245 ## - TITLE STATEMENT
Title Public accounts committee in India :
Statement of responsibility, etc by Digvijai Nath Pandey
Remainder of title issues and challenges /
260 ## - PUBLICATION, DISTRIBUTION, ETC. (IMPRINT)
Place of publication, distribution, etc New Delhi
Name of publisher, distributor, etc Regal Publication
Date of publication, distribution, etc 2016
270 ## - ADDRESS
Address F-159, Rajouri Garden,
City New Delhi
Postal code 110027
300 ## - PHYSICAL DESCRIPTION
Extent ix,134p
Dimensions 22cm(Hb)
500 ## - GENERAL NOTE
General note Includes bibliographical references and index
942 ## - ADDED ENTRY ELEMENTS (KOHA)
Source of classification or shelving scheme Dewey Decimal Classification
Item type English Books
Classification part 336.54
Call number suffix PAN
Holdings
Withdrawn status Lost status Not for loan Collection code Home library Current library Date acquired Source of acquisition Cost, normal purchase price Full call number Barcode Copy number Cost, replacement price Koha item type
    Not For Loan Non-fiction D.B.Act.Division Bawana 31/03/2017 DBAD/PUB 600.00 336.54 PAN EN-101215 1 600.00 English Books

© Delhi Public Library
Hit Counter
free hit counter